000 00524ntaaa2200193 4500
003 01
005 20251027200920.0
008 0714s1973 ag 01
040 _aAR-BaBN
_bspa
_cAR-BaBN
_eaacr
_dRIC
082 _a228 S469
100 _aSelwyn, Edward Carus
_95841
245 _aThe Christian prophets and the prophetic apocalypse /
_cEdward Carus Selwyn
250 _a1 ed.
260 _as/l :
_bs/e,
_c1929
300 _as/d
650 _aEscatologia
_91720
650 _aBiblia-Nuevo Testamento-Apocalipsis
942 _cBK
999 _c3119
_d3119